Largest Cities by Population - USA - Statistics

General Stats
  • This quiz has been taken 71 times
  • The average score is 67 of 100
Answer Stats
# City State Pop. % Correct
3 Chicago IL 2,664,452
100%
4 Houston TX 2,314,157
100%
2 Los Angeles CA 3,820,914
100%
1 New York City NY 8,258,035
100%
9 Dallas TX 1,302,868
98%
6 Philadelphia PA 1,550,542
98%
5 Phoenix AZ 1,650,070
98%
42 Miami FL 455,924
97%
17 San Francisco CA 808,988
97%
11 Austin TX 979,881
95%
7 San Antonio TX 1,495,295
95%
8 San Diego CA 1,388,320
95%
25 Boston MA 653,833
94%
24 Las Vegas NV 660,929
94%
22 Washington DC 678,972
92%
19 Denver CO 716,577
90%
27 Portland OR 630,498
90%
18 Seattle WA 755,078
90%
37 Atlanta GA 510,823
89%
10 Jacksonville FL 985,843
89%
29 Memphis TN 618,639
87%
26 Detroit MI 633,218
85%
20 Oklahoma City OK 702,767
85%
14 Columbus OH 913,175
84%
12 Fort Worth TX 978,468
84%
31 Milwaukee WI 561,385
84%
21 Nashville TN 687,788
84%
35 Sacramento CA 526,384
84%
13 San Jose CA 969,655
84%
30 Baltimore MD 565,239
82%
15 Charlotte NC 911,311
82%
16 Indianapolis IN 879,293
82%
46 Minneapolis MN 425,115
82%
53 New Orleans LA 364,136
82%
49 Tampa FL 403,364
82%
38 Kansas City MO 510,704
81%
32 Albuquerque NM 560,274
79%
64 Cincinnati OH 311,097
79%
54 Cleveland OH 362,656
79%
23 El Paso TX 678,958
79%
55 Honolulu HI 341,778
79%
58 Orlando FL 320,742
79%
76 St. Louis MO 281,754
79%
41 Raleigh NC 482,295
76%
81 Buffalo NY 274,678
74%
28 Louisville KY 622,981
74%
68 Pittsburgh PA 303,255
74%
80 Reno NV 274,915
73%
33 Tucson AZ 547,239
73%
48 Tulsa OK 411,894
71%
95 Boise ID 235,421
68%
39 Colorado Springs CO 488,664
68%
43 Virginia Beach VA 453,649
68%
45 Oakland CA 436,504
66%
40 Omaha NE 483,335
66%
34 Fresno CA 545,716
65%
98 Richmond VA 229,247
65%
71 Lincoln NE 294,757
63%
67 Saint Paul MN 303,820
63%
77 Madison WI 280,305
61%
66 Newark NJ 304,960
61%
59 Lexington KY 320,154
60%
51 Wichita KS 396,119
60%
56 Anaheim CA 340,512
56%
44 Long Beach CA 449,468
55%
36 Mesa AZ 511,648
55%
47 Bakersfield CA 413,381
52%
69 Greensboro NC 302,296
52%
72 Jersey City NJ 291,657
52%
85 Toledo OH 265,304
52%
83 Fort Wayne IN 269,994
50%
74 Anchorage AK 286,075
48%
50 Arlington TX 398,431
48%
62 Corpus Christi TX 316,595
48%
70 Durham NC 296,186
48%
75 North Las Vegas NV 284,771
48%
61 Riverside CA 318,858
48%
93 Scottsdale AZ 244,394
47%
60 Stockton CA 319,543
47%
52 Aurora CO 395,052
45%
97 Spokane WA 229,447
45%
63 Irvine CA 314,621
44%
86 St. Petersburg FL 263,553
44%
57 Henderson NV 337,305
42%
96 Norfolk VA 230,930
42%
82 Chula Vista CA 274,333
37%
90 Glendale AZ 253,855
37%
87 Laredo TX 257,602
37%
84 Lubbock TX 266,878
37%
65 Santa Ana CA 310,539
35%
78 Chandler AZ 280,167
32%
99 Fremont CA 226,208
32%
79 Gilbert AZ 275,411
32%
100 Huntsville AL 225,564
32%
88 Irving TX 254,373
32%
91 Winston NC 252,975
32%
73 Plano TX 290,190
31%
89 Chesapeake VA 253,886
26%
94 Garland TX 243,470
23%
92 Port St. Lucie FL 245,021
23%
No matching quizzes found
Score Distribution
Percent of People with Each Score
Percentile by Number Answered
Your Score History
You have not taken this quiz